000 00735nas a2200253 4500
001 BR9406721
003 BR-BrBNA
005 20231205093755.0
007 ta
008 230509b bl.|||p| |||| 00| 00por d
040 _aBR-BrBNA
_bpor
_cBiblioteca Nacional de Agricultura
041 _a(Pt)
072 _aF02
100 1 _aBelle, S.
100 1 _aKampf, A.N.
245 1 _aProducao de mudas de maracuja-amarelo em substratos a base de turfa
650 _aMaracuja
650 _aMuda
650 _aTurfa
650 _aRio Grande do Sul
773 0 _tPesquisa Agropecuaria Brasileira (Brazil)
_xISSN 0100-204X
_g(Mar 1993), v. 28(3) p. 385-390
_wBR9406721
909 _a202311
_bLúcia
_c55
_dLúcia Elande
942 _2AGRIS
_n0
_cANA
999 _c140333
_d140333